1324 1055 1396 1287 1846 1295 1712 1324 1696 1604 1558 1477 1724 1794 1973 1325 1180 1100 1096 1159 1598 1198 1333 1082 1401 1333 1993 1909 1876 1082 1958 1144 1787 1716 1632 1826 1330 1539 1547 1692 1307 1906 1836 1015 1516 1559 1504 1612 1948 1174 1202 1809 1024 1194 1970 1518 1911 1577 1237 1456 1689 1225 1719 1485 1164 1245 1660 1899 1402 1256 1979 1649 1197 1635 1818 1186 1107 1700 1250 1492 1845 1782 1792 1189 1773 1567 1219 1642 1442 1851 1368 1767 1450 1301 1652 1114 1531 1000 1576 BCNSPRNW ULIB Ver.6.0+V

เปลี่ยนเป็นภาษาไทย

Change to English
 แสดงรายละเอียดบรรณานุกรม
  กลับหน้าหลัก

Brief Record : Get Marc (ISO 2709) : E-mail record : QR code < ปิดหน้าต่าง
LEADER : 00000nam 2200000uu 4500
001    13399125693
003     ULIB
008    170716s2559||||th 000 0 tha d
020    ^a9786163202697
060  0 ^aWB108^bค121ร
100 0  ^aคณะบรรณาธิการ สนพ.
245 00 ^aรู้ให้ทันโรคใกล้ตัว รู้ไว ปลอดภัยต่อตนเอง /^cคณะบรรณาธิการ สนพ.
260    ^aกรุงเทพฯ :^bกอแก้ว สนพ.,^c2559
300    ^a352 หน้า ;^c21 ซม.
650  0 ^aโรค^xยา
945    ^p280^l0^i25265
999    ^aกัณชพร จุลอักษร
รายการนี้ยังไม่มีแท็ก
คุณยังไม่ได้ล็อกอิน คุณสามารถมีกิจกรรมร่วมกับเว็บไซต์ได้ แต่ต้องล็อกอินก่อน ::
  ล็อกอิน

รายการสื่อสารสนเทศ

ลำดับที่ ประเภท เลขเรียก/บาร์โค้ด สถานที่ สถานะ
1. วิทยาศาสตร์การแพทย์ และสุขภาพ
วิทยาศาสตร์การแพทย์ และสุขภาพ
สถานะ=หนังสือเก่า
WB108 ค121ร ฉ.1 
  Barcode: 25265
ห้องสมุดวิทยาเขตนครสวรรค์
►ส่วนจัดเก็บหนังสือเก่า นว.
บนชั้น
  ขอยืม

รายการใกล้เคียง
    ผู้แต่ง [คณะบรรณาธิการ สนพ.]

BibComment


ยังไม่เคยถูกคอมเมนท์

คอมเมนท์ทรัพยากรรายการนี้
  คอมเมนท์: รู้ให้ทันโรคใกล้..


 Copyright 2026. Bcnsprnw @Library